000 01702nam a2200397 i 4500
001 193479
003 SpMaBN
005 20250709182415.0
007 ta
008 2401 s2021 sp | |||| 000 p spa
017 _aM 27714-2021
_bOficina Depósito Legal Madrid
020 _a9788412446517
035 _aa6989864
040 _aSpMaBN
_bspa
_cSpMaBN
_erda
_dES-MaACL
080 _a821.134.2-14"19"
100 0 _aVaro Baena, Antonio,
_d1959-
_9113241
_eaut
245 1 4 _aLas estaciones /
_cAntonio Varo Baena.
250 _aPrimera edición, 2021
264 1 _aMadrid :
_bEdiciones Vitruvio,
_c[2021]
300 _a66 páginas ;
_c24 cm
336 _aTexto
_2rdacontent
337 _asin mediación
_2rdamedia
338 _avolumen
_2rdacarrier
490 1 _aColección Baños del Carmen
_vnº 870
520 _aPoeta y médico, afincado en Córdoba, muestra un trabajo cuidadoso, exhaustivo, en un libro de gran sensibilidad.
655 7 _aPoesías
_2tgfbne
_9176539
830 _aColección Baños del Carmen
_v870
_9183030
852 _aES-MaACL
_bR.154915
_cDEPOJ
_9200957
_jN-9651
_hDonación: Antonio Varo Baena
_xEncuadernación rústica con solapas
_gDedicatoria autógrafa del autor
852 _aES-MaACL
_bR.153306
_cDEPOJ
_9203942
_hDonación: Antonio Varo Baena
_xRústica con solapas
_jN-9137
_gDedicatoria autógrafa del autor
903 _9113241
_aVaro Baena, Antonio,
_d1959-
_ednr
942 _n0
_cMONOGRAFIA
999 _c193479
_d193479